=LDR 00000nam 2200000 4500 =001 INLIS000000000004633 =005 20130612092912 =008 ***********************************Ind** =035 ##$$0010-061300000004633 =041 ##$$a Ind =082 ##$$a 352.026 =090 ##$$a R 352.026, Ind u =245 ##$$a Undang-undang otonomi daerah 1999 =260 ##$$a 1999 $b Semarang =300 ##$$a vi, 138 hlm, 21 cm =650 ##$$a Pemerintah daerah, UU dan peraturan =850 ##$$a NBPNMAT